[Event "Pan American-ch School U15 12th"]
[Site "Callao"]
[Date "2023.10.17"]
[Round "4"]
[White "Quispe Bernal, Juan Sebastian"]
[Black "Gelacio Mego, Zahir Roberto"]
[Result "1-0"]
[WhiteElo "1105"]
[BlackElo "1276"]
[PlyCount "45"]
[EventDate "2023.10.16"]
[EventType "swiss"]
[EventRounds "9"]
[EventCountry "PER"]
[SourceTitle "Mega2024 Update 01"]
[Source "Chessbase"]
[SourceDate "2023.11.12"]
[SourceVersion "1"]
[SourceVersionDate "2023.11.12"]
[SourceQuality "1"]

1. e4 c5 2. Nf3 g6 3. c3 Bg7 4. d4 cxd4 5. cxd4 d6 6. Nc3 Nf6 7. Bb5+ Bd7 8. Bxd7+ Nbxd7 9. 0-0 0-0 10. Bf4 Nb6 11. b3 a6 12. Rc1 Qd7 13. h3 Rac8 14. Re1 Ne8 15. Qd2 Nc7 16. Bh6 Ne6 17. d5 Nd8 18. Bxg7 Kxg7 19. Qd4+ f6 20. Qxb6 Nf7 21. Qe3 h5 22. Na4 Qb5 23. Nd4 1-0